On This Day: May 8th II Quiz Stats

 Plays Quiz Updated May 8, 2018

Score 0/7 Timer 03:00
0 Plays Today
Question Answer Wrong Answers
The German ______ launches a bombing raid on Nottingham and Derby.
1941
Luftwaffe
90.1%
Kriegsmarine
2.7%
Waffen-SS
5%
Heer
1%
Branded a traitor during the ______ by revolutionists, influential chemist Antoine Lavoisier is, in just one day, tried, convicted, and guillotined in Paris.
1794
Reign of Terror
85.8%
Great Fear
1.8%
French Fright
5.6%
Rule of Tyranny
6.8%
This English environmentalist and TV host, best known for writing and presenting the natural history documentaries that form ‘The Life Collection’, is born.
1926
David Attenborough
83.2%
Alastair Fothergill
2.7%
Stephen Fry
4.9%
Richard Dawkins
8.3%
‘Great American Revolution’, the first steel roller coaster featuring this, opens at Six Flags Magic Mountain.
1976
Vertical Loop
71.4%
On-ride Camera
3%
Inverted Coaster Car
18.2%
Tunnel
2.7%
The 71-day standoff between federal authorities and the American Indian Movement members occupying the town of Wounded Knee, ______, ends with the surrender of the militants.
1973
South Dakota
63.5%
Wyoming
14.2%
Montana
9.2%
Oklahoma
8.8%
This future US President defeats a Mexican force north of the Rio Grande in what is the first major battle of the Mexican-American War.
1846
Zachary Taylor
52.3%
William Henry Harrison
9%
Martin Van Buren
4.6%
Andrew Jackson
33.8%
The Buddhist Crisis begins when soldiers of this country, under the Roman Catholic President Ngo Dinh Diem, open fire on Buddhists protesting a ban of the Buddhist flag.
1963
South Vietnam
48.9%
Laos
12.4%
Cambodia
30.4%
Singapore
4.2%

You're not logged in!

Compare scores with friends on all Sporcle quizzes.
OR
Log In

Sporcle TV

Today on Sporcle TV


Watch our educational content, quiz creation guides, and fun videos on Sporcle TV.

Show Comments

Extras

Top Quizzes Today


Score Distribution

Your Account Isn't Verified!

In order to create a playlist on Sporcle, you need to verify the email address you used during registration. Go to your Sporcle Settings to finish the process.

Report this User

Report this user for behavior that violates our Community Guidelines.

Details: